=LDR 00000nam 2200000 4500 =001 000502 =005 20250710102519 =035 ##$$a 0010-0725000364 =007 ta =008 250710################a##########0#ind## =020 ##$$a 978-623-307-698-2 =082 ##$$a 398.209 598 =084 ##$$a 398.209 598 FOU s =100 #$$a Foundation, HerStory =245 1#$$a Sang Pendaki: Nishat Mazumder /$c HerStory Foundation =250 ##$$a Cetakan Pertama =260 ##$$a Jakarta :$b Badan Pengembangan dan Pembinaan Bahasa,$c 2022 =300 ##$$a 8 hlm. : $b Ilus. ; $c 22 cm =650 #4$$a CERITA ANAK-INDONESIA-TERJEMAHAN =650 #4$$a LITERASI-BAHAN BACAAN =990 ##$$a TBM02550255